Taller sobre la situación de los derechos humanos en Belice
Guardado en:
| 企業作者: | |
|---|---|
| 格式: | Procedimiento de la Conferencia 圖書 |
| 語言: | Spanish |
| 主題: | |
| 標簽: |
添加標簽
沒有標簽, 成為第一個標記此記錄!
|
MARC
| LEADER | 00000nam a22000007a 4500 | ||
|---|---|---|---|
| 003 | cru CIDCACS/IIS | ||
| 005 | 20210630062540.0 | ||
| 008 | 170825b1985 bh ||||| |||| 00| 0 spa d | ||
| 999 | |c 40324 |d 40324 | ||
| 040 | |c cru CIDCACS/IIS | ||
| 090 | |a 00.00.00 Txxt | ||
| 111 | 1 | |9 5378 |a Taller sobre la Situación de los Derechos Humanos en Belice |d 16-18 noviembre 1985 |c Dangriga | |
| 245 | |a Taller sobre la situación de los derechos humanos en Belice | ||
| 300 | |a 36 páginas |b Texto en español e inglés | ||
| 500 | |a Colección Alforja | ||
| 650 | 1 | 0 | |9 38 |a DERECHOS HUMANOS |
| 650 | 1 | 0 | |9 291 |a EDUCACION POPULAR |
| 650 | 0 | |9 3749 |a ORGANIZACIONES NO GUBERNAMENTALES | |
| 651 | 0 | |a BELICE |9 5379 | |
| 942 | |2 ddc |c LI | ||
